000
00234nam a2200097Ia 4500
008
120527s9999 xx 000 0 und d
100
_a
MUSCROFT,Sarah.
245
_a
Children's Right.
260
_b
Intl. save the children.
942
_c
BK
999
_c
23718
_d
23718